Normal view
MARC view
- Trupti Jangam - 2k151140; Dr. Ashok Pawar - Guide & Ogily & Mother Ltd
Entry Personal Name
001 - CONTROL NUMBER
- control field: 105155
003 - CONTROL NUMBER IDENTIFIER
- control field: OSt
005 - DATE AND TIME OF LATEST TRANSACTION
- control field: 20221007221547.0
008 - FIXED-LENGTH DATA ELEMENTS
- fixed length control field: 221007|| aca||aabn | a|a d
040 ## - CATALOGING SOURCE
- Original cataloging agency: OSt
- Transcribing agency: OSt
100 ## - HEADING--PERSONAL NAME
- Personal name: Trupti Jangam - 2k151140; Dr. Ashok Pawar - Guide & Ogily & Mother Ltd
670 ## - SOURCE DATA FOUND
- Source citation: Work cat.: (OSt)80055: Trupti Jangam - 2k151140; Dr. Ashok Pawar - Guide & Ogily & Mother Ltd., To Studythe Need Recognition Of Client With Regards To Public Relations, 2015